Podnikové kombinácie podľa novelizovaného IFRS 3

Bibliographic Details
Main Author: Hornická, Renáta, 1977- (Author)
Format: Article
Language:Slovak
ISSN:1335-2024
Subjects:

MARC

LEADER 00000nab a2200000 ar4500
001 vtls009938690
003 SK-MaSNL
005 20260303205142.0
008 090811c2008 xo mr|p|||||||000 b|slo
015 |a SNBRA2009/08  |2 snkbucl 
038 |a SNKBUCL 
040 |a SNKBUCL  |b slo  |c SNKBUCL  |e AACR2 
041 0 |a slo 
044 |a xo  |c SK 
080 |a 657:658.114.5:006.032  |2 2001 
080 |a 658.114.5  |2 2001 
080 |a 006.032  |2 2001 
100 1 |a Hornická, Renáta,  |d 1977-  |4 aut  |9 218014 
245 1 0 |a Podnikové kombinácie podľa novelizovaného IFRS 3  |c Renáta Parišová 
500 |a Pozn. pod čiarou 
650 0 7 |a skupiny podnikov  |2 snkbucl  |9 770203 
650 0 7 |a účtovníctvo  |2 snkbucl  |9 649 
650 0 7 |a medzinárodné účtovné štandardy  |2 snkbucl  |9 70134 
773 0 |t Účtovníctvo. Audítorstvo. Daňovníctvo v teórii a praxi  |g Roč. XVII, č. 7-8 (2009), s. 236-250  |x 1335-2024 
852 |a SNK  |b KIS3GCP 
999 |c 2193921  |d 2195851